Govt. of
Madhya Pradesh

Textile Desihing (Record no. 9033)

MARC details
000 -LEADER
fixed length control field 004240000a22001810004500
003 - CONTROL NUMBER IDENTIFIER
control field MACL
005 - DATE AND TIME OF LATEST TRANSACTION
control field 20150823160825.0
008 - FIXED-LENGTH DATA ELEMENTS--GENERAL INFORMATION
fixed length control field 150823b xxu||||| |||| 00| 0 eng d
040 ## - CATALOGING SOURCE
Original cataloging agency MACL
Transcribing agency MACL
041 ## - LANGUAGE CODE
Language code of text/sound track or separate title English
082 ## - DEWEY DECIMAL CLASSIFICATION NUMBER
Classification number 677/PAR
100 ## - MAIN ENTRY--PERSONAL NAME
Personal name Parvathi, K
9 (RLIN) 7193
245 ## - TITLE STATEMENT
Title Textile Desihing
260 ## - PUBLICATION, DISTRIBUTION, ETC. (IMPRINT)
Name of publisher, distributor, etc. Aavishkar Publishers
Date of publication, distribution, etc. 2007
Place of publication, distribution, etc. Jaipur
350 ## - PRICE (NR) (BK AM CF MU VM SE) [OBSOLETE]
Price 800
650 ## - SUBJECT ADDED ENTRY--TOPICAL TERM
Topical term or geographic name as entry element Textile
9 (RLIN) 7194
942 ## - ADDED ENTRY ELEMENTS (KOHA)
Koha item type Books
Call number prefix 677
Source of classification or shelving scheme
Holdings
Withdrawn status Lost status Source of classification or shelving scheme Damaged status Not for loan Home library Current library Date acquired Cost, normal purchase price Total Checkouts Full call number Barcode Date last seen Date last checked out Uniform Resource Identifier Price effective from Koha item type
          MACL MACL 15/04/2015 800.00 2 677/PAR CRE023525 02/05/2024 01/04/2017 8932 15/04/2015 Books